00457nam a22001217a 4500003000400000082001800004100001300022245013500035260004400170300000700214650005700221653005700278SGT a617.645bC23J aJyotsana aClinical Evaluation of the Maximum Bite force in single implant supported prosthesis versus natural dentitionbA Split mouth study aGurugram, HaryanabSGT Universityc2023 a61 aProsthodontics, Crown & Bridge and Oral Implantology aProsthodontics, Crown & Bridge and Oral Implantology